Mayavanathil oru manthira payanam / (Record no. 199611)

MARC details
000 -LEADER
fixed length control field 01181nam a2200289 n 4500
003 - CONTROL NUMBER IDENTIFIER
control field PPAK
005 - DATE AND TIME OF LATEST TRANSACTION
control field 20250519151525.0
008 - FIXED-LENGTH DATA ELEMENTS--GENERAL INFORMATION
fixed length control field 250518s2024 ii a j 000 1 tam d
020 ## - INTERNATIONAL STANDARD BOOK NUMBER
Terms of availability RM 19.60
Qualifying information paperback
040 ## - CATALOGING SOURCE
Original cataloging agency PPAK
Language of cataloging eng
Transcribing agency PPAK
Description conventions rda
082 04 - DEWEY DECIMAL CLASSIFICATION NUMBER
Edition number 23
Classification number 894.8113
090 00 - LOCALLY ASSIGNED LC-TYPE CALL NUMBER (OCLC); LOCAL CALL NUMBER (RLIN)
Classification number (OCLC) (R) ; Classification number, CALL (RLIN) (NR) 894.8113
Feature heading NAR
Feature heading K
100 1# - MAIN ENTRY--PERSONAL NAME
Linkage 880-01
Personal name Narayanasamy, Rajalakshmi,
Relator term author.
242 ## - TRANSLATION OF TITLE BY CATALOGING AGENCY
Title A magical journey in the forest of magic children's stories.
Language code of translated title eng
245 10 - TITLE STATEMENT
Linkage 880-02
Title Mayavanathil oru manthira payanam /
Statement of responsibility, etc. Rajalakshmi Narayanasamy
264 #1 - PRODUCTION, PUBLICATION, DISTRIBUTION, MANUFACTURE, AND COPYRIGHT NOTICE
Place of production, publication, distribution, manufacture Chennai :
Name of producer, publisher, distributor, manufacturer Bharathi Pathippagam,
Date of production, publication, distribution, manufacture, or copyright notice 2024
300 ## - PHYSICAL DESCRIPTION
Extent 40 pages :
Other physical details illustrations ;
Dimensions 22 cm
336 ## - CONTENT TYPE
Content type term text
Source rdacontent
337 ## - MEDIA TYPE
Media type term unmediated
Source rdamedia
338 ## - CARRIER TYPE
Carrier type term volume
Source rdacarrier
546 ## - LANGUAGE NOTE
Language note In Tamil
650 10 - SUBJECT ADDED ENTRY--TOPICAL TERM
Topical term or geographic name entry element Children's stories, Tamil
Topical term or geographic name entry element Short tories, Tamil
880 1# - ALTERNATE GRAPHIC REPRESENTATION
Linkage 100-01
a நாராயணசாமி, ராஜலட்சுமி,
Linkage 245-02
a மாயவனத்தில் ஓர் மந்திரப் பயணம் சிறுவர் கதைகள்
c ராஜலட்சுமி நாராயணசாமி
942 ## - ADDED ENTRY ELEMENTS (KOHA)
Source of classification or shelving scheme Dewey Decimal Classification
Koha item type Book
Holdings
Withdrawn Not for loan Current library Shelving location Date acquired Total Checkouts Full call number Barcode Date last seen Koha item type
    Perpustakaan Alor Setar Pinjaman Kanak-kanak 08/07/2025   K 894.8113 NAR A01870738 08/07/2025 Book
    Perpustakaan Awam Sungai Petani Pinjaman Kanak-kanak 08/07/2025   K 894.8113 NAR A01870739 08/07/2025 Book